[Event "DEM U8 2025"]
[Site "Willingen GER"]
[Date "2025.06.11"]
[Round "1"]
[White "Komar, Mykhail"]
[Black "Keleti, Hugó"]
[Result "1-0"]
[Termination "normal"]
[Board "5"]
[WhiteElo "1462"]
[BlackElo "1379"]
[WhiteClock "00:33:31"]
[BlackClock "00:32:38"]
[PlyCount "119"]
[WhiteFideId "533021864"]
[BlackFideId "533043680"]
[EventCountry "GER"]
[EventRounds "7"]
[EventType "swiss"]
[EventDate "2025.06.10"]

1. e4 {[%emt 00:00:06]} c5 {[%clk 01:00:24]} {[%emt 00:00:02]} 2. Nf3 {[%clk
01:00:35]} {[%emt 00:00:07]} d6 {[%clk 01:00:32]} {[%emt 00:00:08]} 3. Nc3
{[%clk 01:00:13]} {[%emt 00:00:38]} Nf6 {[%clk 01:00:24]} {[%emt 00:00:22]} 4.
Bc4 {[%clk 01:00:06]} {[%emt 00:00:22]} Nc6 {[%clk 01:00:20]} {[%emt 00:00:19]}
5. O-O {[%clk 01:00:01]} {[%emt 00:00:21]} g6 {[%clk 01:00:22]} {[%emt
00:00:12]} 6. d3 {[%clk 01:00:00]} {[%emt 00:00:15]} Bg7 {[%clk 01:00:23]}
{[%emt 00:00:14]} 7. Bb5 {[%clk 00:59:28]} {[%emt 00:00:47]} O-O {[%clk
01:00:13]} {[%emt 00:00:25]} 8. Re1 {[%clk 00:59:25]} {[%emt 00:00:18]} e5
{[%clk 00:59:56]} {[%emt 00:00:33]} 9. Bg5 {[%clk 00:59:11]} {[%emt 00:00:28]}
a6 {[%clk 00:59:41]} {[%emt 00:00:31]} 10. Bxc6 {[%clk 00:59:00]} {[%emt
00:00:26]} bxc6 {[%clk 00:59:47]} {[%emt 00:00:09]} 11. Qd2 {[%clk 00:58:34]}
{[%emt 00:00:40]} Qb6 {[%clk 00:58:00]} {[%emt 00:02:01]} 12. Na4 {[%clk
00:58:09]} {[%emt 00:00:42]} Qb5 {[%emt 00:00:35]} 13. b3 {[%clk 00:58:00]}
{[%emt 00:00:14]} Bg4 {[%clk 00:57:28]} {[%emt 00:00:38]} 14. Nh4 {[%clk
00:57:21]} {[%emt 00:00:52]} Nd7 {[%clk 00:56:19]} {[%emt 00:01:24]} 15. c4
{[%emt 00:01:57]} Qb7 16. h3 {[%clk 00:56:42]} Be6 {[%clk 00:55:15]} {[%emt
00:00:47]} 17. Nf3 {[%clk 00:56:33]} {[%emt 00:00:24]} d5 {[%clk 00:54:07]}
{[%emt 00:01:23]} 18. Be7 {[%clk 00:56:17]} {[%emt 00:00:31]} Rfe8 {[%clk
00:53:57]} {[%emt 00:00:26]} 19. Bxc5 {[%clk 00:56:11]} {[%emt 00:00:21]} Rad8
{[%clk 00:50:11]} {[%emt 00:04:02]} 20. Rad1 {[%clk 00:53:48]} {[%emt
00:02:38]} Qc7 {[%clk 00:48:44]} {[%emt 00:01:43]} 21. Qb4 {[%clk 00:51:38]}
{[%emt 00:02:24]} a5 {[%clk 00:47:59]} {[%emt 00:01:00]} 22. Bd6 {[%clk
00:50:01]} {[%emt 00:01:51]} Qc8 {[%clk 00:47:34]} {[%emt 00:00:40]} 23. Qxa5
{[%clk 00:49:49]} {[%emt 00:00:28]} Bf8 {[%clk 00:46:02]} {[%emt 00:01:48]} 24.
Bc7 {[%clk 00:49:43]} {[%emt 00:00:21]} Qb7 {[%clk 00:45:37]} {[%emt 00:00:39]}
25. Bxd8 {[%clk 00:48:50]} {[%emt 00:01:08]} Bb4 {[%clk 00:45:18]} {[%emt
00:00:33]} 26. Qc7 {[%clk 00:48:30]} {[%emt 00:00:35]} Qa6 {[%clk 00:44:03]}
{[%emt 00:01:30]} 27. Rf1 {[%clk 00:47:47]} {[%emt 00:00:58]} c5 {[%clk
00:43:51]} {[%emt 00:00:28]} 28. cxd5 {[%clk 00:45:45]} {[%emt 00:02:17]} Bxd5
{[%clk 00:41:33]} {[%emt 00:02:33]} 29. exd5 {[%clk 00:44:45]} {[%emt
00:01:14]} Ba5 {[%clk 00:39:58]} {[%emt 00:01:50]} 30. Qxa5 {[%clk 00:44:38]}
{[%emt 00:00:22]} Qd6 {[%clk 00:39:55]} {[%emt 00:00:19]} 31. Bc7 {[%clk
00:43:56]} {[%emt 00:00:56]} Qxd5 {[%clk 00:39:52]} {[%emt 00:00:18]} 32. Nc3
{[%clk 00:42:58]} {[%emt 00:01:12]} Qc6 {[%clk 00:39:22]} {[%emt 00:00:45]} 33.
Rc1 {[%clk 00:41:54]} {[%emt 00:01:20]} Rc8 {[%clk 00:38:00]} {[%emt 00:01:36]}
34. Bxe5 {[%clk 00:41:22]} {[%emt 00:00:45]} Re8 {[%clk 00:37:49]} {[%emt
00:00:29]} 35. Bg3 {[%clk 00:40:47]} {[%emt 00:00:49]} Ra8 {[%clk 00:36:59]}
{[%emt 00:01:05]} 36. Qc7 {[%clk 00:40:43]} {[%emt 00:00:19]} Qe6 {[%clk
00:36:48]} {[%emt 00:00:26]} 37. Rfe1 {[%clk 00:40:31]} {[%emt 00:00:28]} Qf5
{[%clk 00:36:43]} {[%emt 00:00:20]} 38. Qc6 {[%clk 00:38:38]} {[%emt 00:02:07]}
Rd8 {[%clk 00:36:26]} {[%emt 00:00:32]} 39. Bh4 {[%clk 00:38:15]} {[%emt
00:00:38]} Nb8 {[%clk 00:35:24]} {[%emt 00:01:18]} 40. Qa4 {[%clk 00:37:37]}
{[%emt 00:00:52]} Rf8 {[%clk 00:35:00]} {[%emt 00:00:39]} 41. Re8 {[%clk
00:37:27]} {[%emt 00:00:26]} Qxd3 {[%clk 00:33:57]} {[%emt 00:01:17]} 42. Rxf8+
{[%clk 00:37:17]} {[%emt 00:00:24]} Kxf8 {[%clk 00:33:57]} {[%emt 00:00:17]}
43. Bf6 {[%clk 00:36:37]} {[%emt 00:00:54]} Qd6 {[%clk 00:33:13]} {[%emt
00:00:58]} 44. Be5 {[%clk 00:35:42]} {[%emt 00:01:11]} Qd8 {[%clk 00:32:19]}
{[%emt 00:01:09]} 45. Re1 {[%clk 00:35:22]} {[%emt 00:00:35]} f6 {[%clk
00:31:14]} {[%emt 00:01:21]} 46. Bd6+ {[%clk 00:34:52]} {[%emt 00:00:45]} Qxd6
{[%clk 00:31:13]} {[%emt 00:00:16]} 47. Qe8+ {[%clk 00:34:52]} {[%emt
00:00:14]} Kg7 {[%clk 00:31:24]} {[%emt 00:00:04]} 48. Re7+ {[%clk 00:34:53]}
{[%emt 00:00:15]} Qxe7 {[%clk 00:31:22]} {[%emt 00:00:17]} 49. Qxe7+ {[%clk
00:34:11]} {[%emt 00:00:58]} Kh6 {[%clk 00:31:30]} {[%emt 00:00:06]} 50. a4
{[%clk 00:34:00]} {[%emt 00:00:26]} Nc6 {[%clk 00:31:31]} {[%emt 00:00:14]} 51.
Qxc5 {[%clk 00:33:56]} {[%emt 00:00:18]} Ne5 {[%clk 00:31:30]} {[%emt
00:00:16]} 52. Nxe5 {[%clk 00:33:29]} {[%emt 00:00:24]} fxe5 {[%clk 00:31:39]}
{[%emt 00:00:25]} 53. Qxe5 {[%clk 00:33:28]} {[%emt 00:00:16]} g5 {[%clk
00:31:41]} {[%emt 00:00:13]} 54. a5 {[%clk 00:33:36]} {[%emt 00:00:07]} g4
{[%clk 00:31:47]} {[%emt 00:00:08]} 55. a6 {[%clk 00:33:41]} {[%emt 00:00:10]}
gxh3 {[%clk 00:31:57]} {[%emt 00:00:05]} 56. a7 {[%clk 00:33:38]} {[%emt
00:00:16]} h2+ {[%clk 00:32:09]} {[%emt 00:00:04]} 57. Kxh2 {[%clk 00:33:43]}
{[%emt 00:00:10]} Kg6 {[%clk 00:32:18]} {[%emt 00:00:06]} 58. a8=Q {[%clk
00:33:44]} {[%emt 00:00:33]} h5 {[%clk 00:32:30]} {[%emt 00:00:15]} 59. Qg8+
{[%clk 00:33:37]} {[%emt 00:00:22]} Kh6 {[%clk 00:32:38]} {[%emt 00:00:06]} 60.
Qeh8# {[%clk 00:33:31]} {[%emt 00:00:20]} 0-1

[Event "DEM U8 2025"]
[Site "Willingen GER"]
[Date "2025.06.11"]
[Round "1"]
[White "Zargaran, Paya"]
[Black "Gur, Jascha"]
[Result "1-0"]
[Termination "normal"]
[Board "6"]
[WhiteElo "1519"]
[BlackElo "1086"]
[WhiteClock "00:36:50"]
[BlackClock "00:32:29"]
[PlyCount "92"]
[WhiteFideId "34681736"]
[EventCountry "GER"]
[EventRounds "7"]
[EventType "swiss"]
[EventDate "2025.06.10"]

1. e4 {[%clk 01:00:27]} {[%emt 00:00:02]} e5 {[%clk 01:00:22]} {[%emt
00:00:08]} 2. Nf3 {[%clk 01:00:34]} {[%emt 00:00:09]} Nf6 {[%clk 01:00:29]}
{[%emt 00:00:07]} 3. Nc3 {[%clk 01:00:35]} {[%emt 00:00:14]} Nc6 {[%clk
01:00:35]} {[%emt 00:00:09]} 4. d4 {[%clk 01:00:41]} {[%emt 00:00:09]} exd4
{[%clk 00:59:20]} {[%emt 00:01:31]} 5. Nxd4 {[%clk 01:00:43]} {[%emt 00:00:13]}
Bb4 {[%clk 00:58:23]} {[%emt 00:01:12]} 6. Nxc6 {[%clk 01:00:42]} {[%emt
00:00:16]} Bxc3+ {[%clk 00:58:18]} {[%emt 00:00:20]} 7. bxc3 {[%clk 01:00:33]}
{[%emt 00:00:23]} bxc6 {[%clk 00:58:08]} {[%emt 00:00:25]} 8. Bd3 {[%clk
01:00:16]} {[%emt 00:00:32]} d6 {[%clk 00:56:46]} {[%emt 00:01:37]} 9. O-O
{[%clk 01:00:13]} {[%emt 00:00:18]} O-O {[%clk 00:56:55]} {[%emt 00:00:07]} 10.
Qf3 {[%clk 00:59:32]} {[%emt 00:00:43]} Bb7 {[%clk 00:55:34]} {[%emt 00:01:49]}
11. Rb1 {[%clk 00:59:21]} {[%emt 00:00:25]} Qc8 {[%clk 00:55:19]} {[%emt
00:00:28]} 12. Bg5 {[%clk 00:58:25]} {[%emt 00:01:09]} Nd7 {[%clk 00:54:48]}
{[%emt 00:00:41]} 13. Qf5 {[%clk 00:56:40]} {[%emt 00:02:01]} Rb8 {[%clk
00:52:21]} {[%emt 00:02:50]} 14. f4 {[%clk 00:55:04]} {[%emt 00:01:51]} Nc5
{[%clk 00:51:42]} {[%emt 00:00:52]} 15. Qxc8 {[%clk 00:53:47]} {[%emt
00:01:34]} Rbxc8 {[%clk 00:51:48]} {[%emt 00:00:09]} 16. Be2 {[%clk 00:52:37]}
{[%emt 00:01:22]} Rfe8 {[%clk 00:51:33]} {[%emt 00:00:28]} 17. Bf3 {[%clk
00:51:31]} {[%emt 00:01:25]} Ba6 {[%clk 00:51:27]} {[%emt 00:00:22]} 18. Rfe1
{[%clk 00:51:14]} {[%emt 00:00:32]} h6 {[%clk 00:51:03]} {[%emt 00:00:40]} 19.
Bh4 {[%clk 00:51:02]} {[%emt 00:00:22]} Bc4 {[%clk 00:50:23]} {[%emt 00:00:50]}
20. a3 {[%clk 00:50:12]} {[%emt 00:01:14]} Rb8 {[%clk 00:50:20]} {[%emt
00:00:14]} 21. Rb4 {[%clk 00:48:57]} {[%emt 00:01:31]} Rxb4 {[%clk 00:50:17]}
{[%emt 00:00:21]} 22. cxb4 {[%clk 00:48:50]} {[%emt 00:00:22]} Na4 {[%clk
00:49:05]} {[%emt 00:01:14]} 23. e5 {[%clk 00:48:04]} {[%emt 00:01:13]} d5
{[%clk 00:48:52]} {[%emt 00:00:29]} 24. Bg4 {[%clk 00:47:18]} {[%emt 00:00:58]}
Nc3 {[%clk 00:46:39]} {[%emt 00:02:18]} 25. Bd7 {[%clk 00:46:58]} {[%emt
00:00:46]} Rb8 {[%emt 00:01:13]} 26. f5 {[%clk 00:44:44]} {[%emt 00:01:57]} Bb5
{[%clk 00:44:56]} {[%emt 00:01:32]} 27. e6 {[%clk 00:44:06]} {[%emt 00:00:54]}
Ne2+ {[%clk 00:44:22]} {[%emt 00:00:50]} 28. Rxe2 {[%clk 00:42:58]} {[%emt
00:01:23]} Bxe2 {[%emt 00:00:12]} 29. e7 {[%emt 00:00:12]} g5 {[%clk 00:43:00]}
{[%emt 00:01:13]} 30. Bg3 {[%clk 00:42:15]} {[%emt 00:00:58]} Bb5 {[%clk
00:43:09]} {[%emt 00:00:05]} 31. e8=Q+ {[%clk 00:41:57]} {[%emt 00:00:30]} Rxe8
{[%clk 00:43:23]} 32. Bxe8 {[%clk 00:41:32]} {[%emt 00:00:43]} Kf8 {[%clk
00:43:08]} {[%emt 00:00:30]} 33. Bd7 {[%clk 00:41:10]} {[%emt 00:00:38]} Ke7
{[%clk 00:42:54]} {[%emt 00:00:27]} 34. Bc8 {[%clk 00:41:18]} {[%emt 00:00:09]}
Kd8 {[%clk 00:42:31]} {[%emt 00:00:38]} 35. Bb7 {[%clk 00:41:04]} {[%emt
00:00:30]} Kd7 {[%clk 00:41:24]} {[%emt 00:01:22]} 36. Kf2 {[%clk 00:41:01]}
{[%emt 00:00:18]} f6 {[%emt 00:05:51]} 37. h4 {[%clk 00:39:41]} {[%emt
00:00:26]} g4 {[%clk 00:37:22]} {[%emt 00:00:20]} 38. h5 {[%clk 00:39:39]}
{[%emt 00:00:17]} d4 {[%clk 00:36:33]} {[%emt 00:01:03]} 39. Bf4 {[%clk
00:39:20]} {[%emt 00:00:33]} Ba4 {[%clk 00:36:35]} {[%emt 00:00:15]} 40. Bxh6
{[%clk 00:38:57]} {[%emt 00:00:38]} Bxc2 {[%clk 00:36:33]} {[%emt 00:00:13]}
41. Bg7 {[%clk 00:38:42]} {[%emt 00:00:33]} Bxf5 {[%clk 00:35:57]} {[%emt
00:00:50]} 42. Bxf6 {[%clk 00:38:39]} {[%emt 00:00:19]} d3 {[%clk 00:35:25]}
{[%emt 00:00:48]} 43. Ke3 {[%clk 00:38:23]} {[%emt 00:00:30]} Kd6 {[%clk
00:33:00]} {[%emt 00:02:33]} 44. Ba6 {[%clk 00:38:16]} {[%emt 00:00:28]} c5
{[%clk 00:32:23]} {[%emt 00:00:51]} 45. Bxd3 {[%clk 00:37:08]} {[%emt
00:01:25]} Be6 {[%clk 00:32:23]} {[%emt 00:00:15]} 46. h6 {[%clk 00:36:50]}
{[%emt 00:00:53]} Bg8 {[%clk 00:32:29]} {[%emt 00:00:09]} 1-0

[Event "DEM U8 2025"]
[Site "Willingen GER"]
[Date "2025.06.11"]
[Round "1"]
[White "Wahlhäuser, Jari"]
[Black "Kovacs, David"]
[Result "0-1"]
[Termination "normal"]
[Board "7"]
[WhiteElo "1083"]
[BlackElo "1358"]
[WhiteClock "00:38:10"]
[BlackClock "00:48:35"]
[PlyCount "40"]
[BlackFideId "533004005"]
[EventCountry "GER"]
[EventRounds "7"]
[EventType "swiss"]
[EventDate "2025.06.10"]

1. e4 {[%clk 01:00:29]} {[%emt 00:00:02]} e5 {[%clk 01:00:23]} {[%emt
00:00:07]} 2. Nf3 {[%clk 01:00:38]} {[%emt 00:00:06]} Nc6 {[%clk 01:00:34]}
{[%emt 00:00:04]} 3. Bc4 {[%clk 01:00:42]} {[%emt 00:00:11]} Nf6 {[%clk
01:00:43]} {[%emt 00:00:06]} 4. Ng5 {[%clk 01:00:44]} {[%emt 00:00:13]} d5
{[%clk 01:00:51]} {[%emt 00:00:07]} 5. exd5 {[%clk 01:00:51]} {[%emt 00:00:08]}
Na5 {[%clk 01:01:04]} {[%emt 00:00:01]} 6. Bb5+ {[%clk 00:59:47]} {[%emt
00:01:20]} c6 {[%clk 01:01:10]} {[%emt 00:00:09]} 7. dxc6 {[%clk 00:59:57]}
{[%emt 00:00:05]} bxc6 {[%clk 01:01:21]} {[%emt 00:00:04]} 8. Ba4 {[%clk
00:59:26]} {[%emt 00:00:42]} h6 {[%clk 01:01:13]} {[%emt 00:00:26]} 9. Nf3
{[%clk 00:59:29]} {[%emt 00:00:10]} e4 {[%clk 01:01:22]} {[%emt 00:00:08]} 10.
Ng1 {[%clk 00:58:39]} {[%emt 00:01:06]} Bc5 {[%clk 00:59:49]} {[%emt 00:01:48]}
11. h3 {[%clk 00:58:04]} {[%emt 00:00:50]} O-O {[%clk 00:59:09]} {[%emt
00:00:55]} 12. Nc3 {[%clk 00:55:16]} {[%emt 00:03:03]} Bd7 {[%clk 00:55:46]}
{[%emt 00:03:38]} 13. Bb3 {[%clk 00:51:30]} {[%emt 00:04:01]} Nxb3 {[%clk
00:55:44]} {[%emt 00:00:17]} 14. axb3 {[%emt 00:00:23]} Bb6 {[%clk 00:53:40]}
{[%emt 00:02:17]} 15. Qe2 {[%clk 00:49:19]} {[%emt 00:02:17]} Nd5 {[%clk
00:51:54]} {[%emt 00:02:04]} 16. Nxd5 {[%clk 00:47:03]} {[%emt 00:02:32]} cxd5
{[%clk 00:51:59]} {[%emt 00:00:09]} 17. Qd1 {[%clk 00:44:21]} {[%emt 00:02:57]}
Qf6 {[%clk 00:48:44]} {[%emt 00:03:31]} 18. f3 {[%clk 00:42:51]} {[%emt
00:01:44]} Qh4+ {[%clk 00:48:25]} {[%emt 00:00:32]} 19. g3 {[%clk 00:38:07]}
{[%emt 00:05:01]} Qxg3+ {[%clk 00:48:29]} {[%emt 00:00:11]} 20. Ke2 {[%clk
00:38:10]} {[%emt 00:00:12]} Qf2# {[%clk 00:48:35]} {[%emt 00:00:08]} 0-1

[Event "DEM U8 2025"]
[Site "Willingen GER"]
[Date "2025.06.11"]
[Round "1"]
[White "Derr, Georg"]
[Black "Prasad, Ayush"]
[Result "1-0"]
[Termination "normal"]
[Board "8"]
[WhiteElo "1586"]
[BlackElo "1067"]
[WhiteClock "00:36:59"]
[BlackClock "00:34:56"]
[PlyCount "151"]
[WhiteFideId "533010501"]
[EventCountry "GER"]
[EventRounds "7"]
[EventType "swiss"]
[EventDate "2025.06.10"]

1. e4 {[%clk 01:00:27]} {[%emt 00:00:03]} e5 {[%clk 01:00:24]} {[%emt
00:00:07]} 2. Nf3 {[%clk 01:00:37]} {[%emt 00:00:04]} Nc6 {[%clk 01:00:30]}
{[%emt 00:00:10]} 3. Bc4 {[%clk 01:00:45]} {[%emt 00:00:06]} Bc5 {[%clk
01:00:36]} {[%emt 00:00:09]} 4. c3 {[%clk 01:00:54]} {[%emt 00:00:06]} Nf6
{[%clk 01:00:40]} {[%emt 00:00:11]} 5. d3 {[%clk 01:00:59]} {[%emt 00:00:09]}
h6 {[%clk 01:00:28]} {[%emt 00:00:29]} 6. O-O {[%clk 01:00:18]} {[%emt
00:00:54]} O-O {[%clk 01:00:34]} {[%emt 00:00:11]} 7. Bb3 {[%clk 00:59:26]}
{[%emt 00:01:06]} d6 {[%clk 00:56:50]} {[%emt 00:04:00]} 8. h3 {[%clk
00:59:17]} {[%emt 00:00:23]} Be6 {[%clk 00:55:57]} {[%emt 00:01:09]} 9. Re1
{[%clk 00:59:11]} {[%emt 00:00:20]} d5 {[%clk 00:51:22]} {[%emt 00:04:51]} 10.
exd5 {[%clk 00:59:01]} {[%emt 00:00:24]} Bxd5 {[%clk 00:51:30]} {[%emt
00:00:08]} 11. Nxe5 {[%clk 00:56:03]} {[%emt 00:03:13]} Re8 {[%clk 00:50:59]}
{[%emt 00:00:46]} 12. Nxc6 {[%clk 00:55:54]} {[%emt 00:00:24]} Rxe1+ {[%clk
00:50:59]} {[%emt 00:00:16]} 13. Qxe1 {[%clk 00:56:00]} {[%emt 00:00:07]} Bxc6
{[%clk 00:50:45]} {[%emt 00:00:30]} 14. d4 {[%clk 00:55:42]} {[%emt 00:00:33]}
Bb6 {[%clk 00:50:41]} {[%emt 00:00:19]} 15. Bf4 {[%clk 00:55:17]} {[%emt
00:00:38]} Nd5 {[%clk 00:49:41]} {[%emt 00:01:17]} 16. Bg3 {[%clk 00:54:39]}
{[%emt 00:00:46]} Qf6 {[%clk 00:48:59]} {[%emt 00:01:06]} 17. Qe5 {[%clk
00:52:57]} {[%emt 00:01:51]} Qxe5 {[%clk 00:47:25]} {[%emt 00:01:54]} 18. Bxe5
{[%clk 00:52:56]} {[%emt 00:00:14]} Re8 {[%clk 00:46:57]} {[%emt 00:00:45]} 19.
Nd2 {[%clk 00:52:55]} {[%emt 00:00:14]} f6 {[%clk 00:46:43]} {[%emt 00:00:30]}
20. Bh2 {[%clk 00:51:03]} {[%emt 00:01:52]} Kh8 {[%clk 00:45:47]} {[%emt
00:01:27]} 21. Nf3 {[%clk 00:50:04]} {[%emt 00:01:09]} Re2 {[%clk 00:44:47]}
{[%emt 00:01:13]} 22. Rb1 {[%clk 00:49:51]} {[%emt 00:00:24]} Re4 {[%clk
00:42:35]} {[%emt 00:02:37]} 23. a3 {[%clk 00:49:33]} {[%emt 00:00:34]} Re8
{[%clk 00:41:15]} {[%emt 00:01:34]} 24. c4 {[%clk 00:49:23]} {[%emt 00:00:25]}
Ne7 {[%clk 00:41:14]} {[%emt 00:00:17]} 25. c5 {[%clk 00:49:09]} {[%emt
00:00:28]} Ba5 {[%clk 00:40:38]} {[%emt 00:00:51]} 26. Bc2 {[%clk 00:48:41]}
{[%emt 00:00:36]} Bxf3 {[%clk 00:40:27]} {[%emt 00:00:33]} 27. gxf3 {[%clk
00:48:28]} {[%emt 00:00:28]} Bd2 {[%clk 00:39:41]} {[%emt 00:01:02]} 28. Bxc7
{[%emt 00:00:56]} Nd5 {[%clk 00:39:24]} {[%emt 00:00:28]} 29. Bg3 {[%clk
00:47:32]} {[%emt 00:00:19]} Nf4 {[%clk 00:39:11]} {[%emt 00:00:43]} 30. Bxf4
{[%clk 00:46:50]} {[%emt 00:00:56]} Bxf4 {[%clk 00:39:21]} {[%emt 00:00:06]}
31. Be4 {[%clk 00:46:49]} {[%emt 00:00:14]} Re7 {[%clk 00:39:06]} {[%emt
00:00:31]} 32. Kf1 {[%clk 00:46:24]} {[%emt 00:00:39]} Kg8 {[%clk 00:38:51]}
{[%emt 00:00:30]} 33. Bd5+ {[%clk 00:45:51]} {[%emt 00:00:33]} Kf8 {[%clk
00:38:50]} {[%emt 00:00:31]} 34. Ba2 {[%clk 00:45:40]} {[%emt 00:00:26]} Rd7
{[%clk 00:37:59]} {[%emt 00:01:07]} 35. Rd1 {[%clk 00:45:41]} {[%emt 00:00:10]}
Be5 {[%clk 00:37:49]} {[%emt 00:00:29]} 36. Be6 {[%clk 00:44:48]} {[%emt
00:01:07]} Rxd4 {[%clk 00:37:43]} {[%emt 00:00:22]} 37. Re1 {[%clk 00:39:53]}
{[%emt 00:04:38]} Rd2 {[%clk 00:37:15]} {[%emt 00:01:15]} 38. b4 {[%clk
00:39:39]} {[%emt 00:00:27]} Bd4 {[%clk 00:37:05]} {[%emt 00:00:27]} 39. Re2
{[%clk 00:39:31]} {[%emt 00:00:21]} Rd3 {[%clk 00:36:48]} {[%emt 00:00:34]} 40.
Bd5 {[%clk 00:38:35]} {[%emt 00:01:03]} Rxa3 {[%emt 00:00:56]} 41. Bxb7 {[%emt
00:00:14]} Bc3 {[%clk 00:35:01]} {[%emt 00:00:59]} 42. c6 {[%clk 00:36:44]}
{[%emt 00:02:05]} Ra1+ {[%clk 00:34:42]} {[%emt 00:00:35]} 43. Kg2 {[%clk
00:36:45]} {[%emt 00:00:10]} Bxb4 {[%clk 00:34:01]} {[%emt 00:01:01]} 44. c7
{[%clk 00:36:46]} {[%emt 00:00:13]} Rc1 {[%clk 00:34:04]} {[%emt 00:00:12]} 45.
c8=Q+ {[%clk 00:36:52]} {[%emt 00:00:06]} Rxc8 {[%clk 00:34:09]} {[%emt
00:00:13]} 46. Bxc8 {[%clk 00:36:56]} {[%emt 00:00:11]} a5 {[%clk 00:34:16]}
{[%emt 00:00:08]} 47. Ra2 {[%clk 00:37:01]} {[%emt 00:00:11]} Ke7 {[%clk
00:34:23]} {[%emt 00:00:07]} 48. Bf5 {[%clk 00:37:05]} {[%emt 00:00:10]} Kd6
{[%clk 00:34:28]} {[%emt 00:00:12]} 49. Kf1 {[%clk 00:37:04]} {[%emt 00:00:15]}
Kc5 {[%clk 00:34:36]} {[%emt 00:00:07]} 50. Ra4 {[%clk 00:36:59]} {[%emt
00:00:20]} Kc4 {[%clk 00:34:37]} {[%emt 00:00:15]} 51. Ke2 {[%clk 00:37:01]}
{[%emt 00:00:12]} Kb3 {[%clk 00:34:44]} {[%emt 00:00:08]} 52. Bd7 {[%clk
00:36:58]} {[%emt 00:00:15]} g5 {[%clk 00:34:51]} {[%emt 00:00:11]} 53. Kd3
{[%clk 00:36:57]} {[%emt 00:00:16]} h5 {[%clk 00:34:19]} {[%emt 00:00:47]} 54.
Ke4 {[%clk 00:36:58]} {[%emt 00:00:13]} Kc3 {[%clk 00:34:16]} {[%emt 00:00:19]}
55. Kf5 {[%clk 00:37:06]} {[%emt 00:00:06]} Kb3 {[%clk 00:33:59]} {[%emt
00:00:33]} 56. Kxf6 {[%clk 00:37:07]} {[%emt 00:00:14]} g4 {[%clk 00:33:55]}
{[%emt 00:00:20]} 57. fxg4 {[%clk 00:37:13]} {[%emt 00:00:08]} hxg4 {[%clk
00:34:05]} {[%emt 00:00:06]} 58. hxg4 {[%clk 00:37:12]} {[%emt 00:00:15]} Bc3+
{[%clk 00:34:14]} {[%emt 00:00:06]} 59. Kf7 {[%clk 00:37:09]} {[%emt 00:00:17]}
Be1 {[%clk 00:34:20]} {[%emt 00:00:11]} 60. g5 {[%clk 00:37:09]} {[%emt
00:00:14]} Bxf2 {[%clk 00:34:20]} {[%emt 00:00:08]} 61. Rxa5 {[%clk 00:37:02]}
{[%emt 00:01:00]} Be3 {[%clk 00:34:20]} {[%emt 00:00:14]} 62. g6 {[%clk
00:37:09]} {[%emt 00:00:09]} Bd4 {[%clk 00:34:11]} {[%emt 00:00:24]} 63. g7
{[%clk 00:37:01]} {[%emt 00:00:22]} Bxg7 {[%clk 00:34:20]} {[%emt 00:00:07]}
64. Kxg7 {[%clk 00:37:07]} {[%emt 00:00:07]} Kc4 {[%clk 00:34:29]} {[%emt
00:00:07]} 65. Kf6 {[%clk 00:37:03]} {[%emt 00:00:19]} Kd4 {[%clk 00:34:38]}
{[%emt 00:00:06]} 66. Re5 {[%emt 00:00:20]} Kc4 {[%clk 00:34:41]} {[%emt
00:00:02]} 67. Bb5+ {[%clk 00:37:10]} {[%emt 00:00:13]} Kd4 {[%clk 00:34:48]}
{[%emt 00:00:09]} 68. Kf5 {[%clk 00:37:14]} {[%emt 00:00:10]} Kc3 {[%clk
00:34:53]} {[%emt 00:00:10]} 69. Re4 {[%clk 00:37:09]} {[%emt 00:00:20]} Kd2
{[%clk 00:34:55]} {[%emt 00:00:13]} 70. Kf4 {[%clk 00:37:13]} {[%emt 00:00:11]}
Kc3 {[%clk 00:35:04]} {[%emt 00:00:07]} 71. Ke3 {[%clk 00:37:19]} {[%emt
00:00:08]} Kb3 {[%clk 00:35:08]} {[%emt 00:00:12]} 72. Kd3 {[%clk 00:37:23]}
{[%emt 00:00:11]} Kb2 {[%clk 00:35:15]} {[%emt 00:00:07]} 73. Kd2 {[%clk
00:36:57]} {[%emt 00:00:41]} Kb3 {[%clk 00:35:24]} {[%emt 00:00:06]} 74. Rc4
{[%clk 00:37:02]} {[%emt 00:00:08]} Ka3 {[%clk 00:35:10]} {[%emt 00:00:31]} 75.
Kc2 {[%clk 00:36:59]} {[%emt 00:00:18]} Ka2 {[%clk 00:34:56]} {[%emt 00:00:29]}
76. Ra4# {[%emt 00:00:03]} 1-0